000 01023cam a22003493a 4500
001 16382116
003 OSt
005 20140310181946.0
008 940322s1994 nyua j 000 1 eng d
010 _a 98809799
020 _a0553481142 (pbk.) :
_c$2.99
035 _a(OCoLC)ocm29999201
040 _aOCO
_cOCO
_dSLC
_dDLC
050 0 0 _aPZ 7
_b.St849 1994
082 _aKF
_bSt4 #48
100 1 _aStewart, Molly Mia
_93765
245 1 0 _aLila's April fool /
_cMolly Mia Stewart.
260 _aNew York :
_bBantam Books,
_cc1994.
300 _a70 p. :
_bill. ;
_c19 cm.
440 0 _aSweet Valley kids ;
_v48
_93766
541 _j1
541 _j2
541 _j3
562 _e3
650 _aFiction.
_9746
655 7 _aYoung adult fiction.
_2lcsh
_93735
700 1 _aPascal, Francine.
_93767
700 1 _aHu, Ying-Hwa.
_93768
710 2 _aCopyright Paperback Collection (Library of Congress)
_5DLC
_9705
906 _a7
_bcbc
_ccopycat
_d2
_encip
_f19
_gy-genrareb
942 _2lcc
_cBK-KF
_kKF
999 _c7782
_d7782